Países começados por E - Statistics

Estatísticas Gerais
  • Esse quiz foi jogado 41 vezes
  • A pontuação média é 9 de 12
Estatísticas das Respostas
Resposta % Correto
Estónia
94%
Eslováquia
89%
Estados Unidos/EUA
89%
Eritreia
86%
Eslovénia
86%
Emirados Árabes Unidos
83%
Equador
83%
Etiópia
83%
Espanha
80%
Egito
77%
El Salvador
63%
Eswatini
23%
Nenhum quiz correspondente encontrado
Distribuição das Pontuações
Porcentagem de Pessoas com Cada Pontuação
Percentil de Números Respondidos
Sua Pontuação Histórica
Você não jogou esse quiz